| 000 -LEADER |
| fixed length control field |
00445cam a22001217a 4500 |
| 008 - FIXED-LENGTH DATA ELEMENTS--GENERAL INFORMATION |
| fixed length control field |
180718b-- xxu||||| |||| 00| 0 eng d |
| 082 ## - DEWEY DECIMAL CLASSIFICATION NUMBER |
| Classification number |
B71103x5442 A |
| 100 ## - MAIN ENTRY--PERSONAL NAME |
| Personal name |
Maharashtra. Law and Judiciary Department |
| 245 ## - TITLE STATEMENT |
| Title |
The Maharashtra zilla parishads and panchayat samitis (amendment) act |
| 246 ## - VARYING FORM OF TITLE |
| Title proper/short title |
The Bombay village panchayats act, 1958 |
| 260 ## - PUBLICATION, DISTRIBUTION, ETC. |
| Place of publication, distribution, etc. |
Bombay |
| Name of publisher, distributor, etc. |
The author |
| Date of publication, distribution, etc. |
-- |
| 500 ## - GENERAL NOTE |
| General note |
Library has 1956, 1958, 1962, 1966, 1987, 1994, 1997 |